000 00672nam a2200265Ia 4500
003 OSt
005 20221006160940.0
006 a|||||r|||| 00| 0
007 ta
008 221006b |||||||| |||| 00| 0 kor d
020 _a3718238701466
024 _a46,924
037 _cTextual
040 _aEASL
_cEASL
_bkor
041 _2kor
_akor
082 _aP495.4k, Q7
100 _aSOO Ko Myung Co.
_9675533
245 0 _aEssence
_b Hanja Dictionary.
250 _aIInd
260 _aSeoul
_bGyeongi-do Korea
_c2017
300 _a1112p.
_ccm.
490 _v KL
942 _hP495.4k, Q7
_cTEXL
_2CC
999 _c1115013
_d1115013